00366 2200145 4500001002100000005001500021035002000036245007200056100002100128300001100149260002600160082000800186084001400194990001200208INLIS00000000000186920250515112130 a0010-05250001611 aSeri Ulul Azmi :bNabi Muhammad Khotamul Anbiya /cFatimah Nurul S.0 aFatimah Nurul S. a24 hlm aSolo :bLingkar Media a200 a200 FAT s a0754811